000 00812nam a22002897a 4500
003 SISC
005 20160819102224.0
008 131212b xxu||||| |||| 00| 0 eng d
020 _a9781856178181
050 _aGT 3405
_b.B785 2011
100 _aBowdin, Glenn.
245 _aEvents Management /
_cGlenn A. J. Bowdin, [et. al.].
250 _a3rd edition.
260 _aLondon :
_bRoutledge,
_c2011.
300 _a739 pages :
_bill. ;
_c24 cm.
500 _aIncludes bibliographical references and index.
504 _a
650 _aSpecial events / Great Britain / Management.
650 _aManagement.
650 _aTourism.
700 _aAllen, Johnny.
700 _aO'Toole, William.
700 _aHarris, Rob.
700 _aMcDonnal, Ian.
942 _2lcc
_cBK
_kFOR
999 _c25763
_d25763